[Event "VIE-ch U11"]
[Site "Ho Chi Minh City"]
[Date "2014.07.18"]
[Round "9"]
[White "Huynh, Quoc Dung"]
[Black "Pham, Khai Nguyen"]
[Result "1-0"]
[WhiteElo "1987"]
[BlackElo "1940"]
[PlyCount "143"]
[EventDate "2014.07.13"]
[EventType "swiss"]
[EventRounds "9"]
[EventCountry "VIE"]
[SourceTitle "EXT 2016"]
[Source "ChessBase"]
[SourceDate "2015.10.08"]
[SourceVersion "1"]
[SourceVersionDate "2015.10.08"]
[SourceQuality "1"]

1. e4 e6 2. d4 c5 3. Nf3 Nc6 4. Bb5 Nge7 5. Bxc6 Nxc6 6. 0-0 b6 7. Nc3 d5 8. exd5 exd5 9. dxc5 Bxc5 10. Qxd5 Qxd5 11. Nxd5 0-0 12. Re1 Bf5 13. c3 Rfe8 14. Be3 Rac8 15. Bxc5 bxc5 16. Ne3 Bd3 17. Rad1 Bg6 18. h3 h6 19. Rd7 Rcd8 20. Red1 f6 21. Rxd8 Rxd8 22. Rxd8+ Nxd8 23. Kf1 Bf7 24. a3 Nc6 25. Ke2 Kf8 26. Kd3 Ke7 27. b4 cxb4 28. cxb4 a6 29. Nf5+ Kf8 30. N5d4 Na7 31. Kc3 g5 32. Nf5 h5 33. Nd6 Bd5 34. Ne1 Ke7 35. Nf5+ Kd7 36. Kd4 Ba2 37. Ng3 Bf7 38. Kc5 Kc7 39. Ne4 Nb5 40. a4 Na3 41. b5 Nc4 42. Nxf6 axb5 43. axb5 Ne5 44. Ne4 Nd7+ 45. Kb4 g4 46. hxg4 hxg4 47. Ka5 Kb8 48. b6 Bd5 49. Nc3 Bc4 50. f3 gxf3 51. gxf3 Kb7 52. Kb4 Nxb6 53. Kc5 Kc7 54. Ng2 Bb3 55. f4 Nd7+ 56. Kd4 Kd6 57. Nh4 Ke6 58. Ke4 Nf6+ 59. Ke3 Bc2 60. Nb5 Nd5+ 61. Kf3 Bd1+ 62. Kg3 Ne3 63. Nd4+ Kf6 64. Nc6 Nf5+ 65. Nxf5 Kxf5 66. Nd4+ Ke4 67. Ne6 Kf5 68. Ng7+ Kg6 69. Ne6 Kf5 70. Nd4+ Ke4 71. Nb5 Be2 72. Nc3+ 1-0